[Event "Manila PGMA Cup 1st"]
[Site "Manila"]
[Date "2006.11.22"]
[Round "8"]
[White "Rzoska, Kamil"]
[Black "Gomez, John Paul"]
[Result "0-1"]
[WhiteElo "2187"]
[BlackElo "2387"]
[PlyCount "88"]
[EventDate "2006.11.17"]
[EventType "swiss"]
[EventRounds "9"]
[EventCountry "PHI"]
[SourceTitle "CBM 115 Extra"]
[Source "ChessBase"]
[SourceDate "2007.01.10"]
[SourceVersion "1"]
[SourceVersionDate "2007.01.10"]
[SourceQuality "1"]

1. e4 c5 2. Nf3 g6 3. d4 cxd4 4. Nxd4 Bg7 5. Nc3 Nc6 6. Be3 Nf6 7. Qd2 0-0 8. f3 d5 9. 0-0-0 dxe4 10. Nxc6 Qxd2+ 11. Bxd2 bxc6 12. Nxe4 Nxe4 13. fxe4 Be6 14. b3 a5 15. a4 c5 16. c4 f5 17. Bd3 f4 18. Be2 Be5 19. Kc2 Kg7 20. Rhf1 g5 21. h3 Kg6 22. Bc3 Bxc3 23. Kxc3 h5 24. e5 Rad8 25. Bd3+ Bf5 26. Be2 Be4 27. Bf3 Bxf3 28. gxf3 Rxd1 29. Rxd1 Kf5 30. e6 Kxe6 31. Rd5 Rf5 32. Rd8 Re5 33. Rg8 Kf7 34. Rd8 Re3+ 35. Kd2 Rxf3 36. Rd5 g4 37. hxg4 hxg4 38. Rxc5 g3 39. Rg5 Kf6 40. Rg8 Rxb3 41. c5 Ke6 42. Rg6+ Kd7 43. c6+ Kc7 44. Re6 g2 0-1

[Event "Kochan Memorial op 17th"]
[Site "Koszalin"]
[Date "2006.08.09"]
[Round "6"]
[White "Rzoska, Kamil"]
[Black "Dudek, Andrzej"]
[Result "1-0"]
[WhiteElo "2161"]
[BlackElo "2215"]
[PlyCount "68"]
[EventDate "2006.08.04"]
[EventType "swiss"]
[EventRounds "10"]
[EventCountry "POL"]
[SourceTitle "CBM 113 Extra"]
[Source "ChessBase"]
[SourceDate "2006.09.14"]
[SourceVersion "1"]
[SourceVersionDate "2006.09.14"]
[SourceQuality "1"]

1. e4 c5 2. Nf3 Nc6 3. d4 cxd4 4. Nxd4 Nf6 5. Nc3 d6 6. Bc4 e6 7. Bb3 a6 8. 0-0 Be7 9. f4 Nxd4 10. Qxd4 Qc7 11. Kh1 Bd7 12. e5 Ng4 13. exd6 Qxd6 14. Qxg7 Bf6 15. Qxg4 0-0-0 16. Ne4 Qe7 17. Nxf6 Qxf6 18. Qg5 Qd4 19. Qe5 Qb4 20. Be3 Bc6 21. c3 Qe7 22. Bd1 Rhg8 23. Bf3 Rd5 24. Bxd5 Bxd5 25. Rg1 f6 26. Qd4 Qg7 27. Qd2 Qg4 28. Qf2 Rg6 29. Rad1 f5 30. Bb6 Rh6 31. Qc5+ Kd7 32. Qc7+ Ke8 33. Qd8+ Kf7 34. Qd7+ Kf6 1-0

[Event "Poznan op 15th"]
[Site "Poznan"]
[Date "2006.07.30"]
[Round "9"]
[White "Rawicz, Karol"]
[Black "Rzoska, Kamil"]
[Result "0-1"]
[WhiteElo "2110"]
[BlackElo "2161"]
[PlyCount "116"]
[EventDate "2006.07.22"]
[EventType "swiss"]
[EventRounds "9"]
[EventCountry "POL"]
[SourceTitle "EXT 2008"]
[Source "ChessBase"]
[SourceDate "2007.11.25"]
[SourceVersion "1"]
[SourceVersionDate "2007.11.25"]
[SourceQuality "1"]

1. d4 d5 2. c4 e6 3. Nc3 c6 4. cxd5 exd5 5. Qc2 g6 6. Nf3 Nf6 7. Bg5 Be7 8. e3 Bf5 9. Bd3 Bxd3 10. Qxd3 Nbd7 11. 0-0 0-0 12. Rfe1 Re8 13. Rab1 Ne4 14. Bxe7 Qxe7 15. Nd2 Ndf6 16. Ncxe4 dxe4 17. Qc4 Rad8 18. b4 Rd5 19. Nf1 Red8 20. Rec1 Kg7 21. a4 R8d7 22. Qb3 R7d6 23. Rb2 Rh5 24. Ng3 Rg5 25. Rbc2 h5 26. h3 h4 27. Ne2 Nd5 28. Nc3 Qe6 29. Nxd5 Rdxd5 30. Qc4 Qxh3 31. Qf1 Qe6 32. Rc5 Rxc5 33. bxc5 b6 34. Kh1 bxc5 35. Rxc5 Rxc5 36. dxc5 Qa2 37. Qd1 Qxf2 38. Qd4+ Qf6 39. Qxe4 g5 40. Kh2 Qe6 41. Qd4+ f6 42. Kg1 Kf7 43. Kh1 Qd5 44. Qg4 Qxc5 45. Qd7+ Qe7 46. Qxc6 Qxe3 47. Qd7+ Qe7 48. Qd5+ Kg7 49. Qd1 Kh6 50. Qf1 Qe5 51. Qf2 a5 52. Qb6 g4 53. Qd8 g3 54. Qh8+ Kg5 55. Qg7+ Kf4 56. Qh6+ Qg5 57. Qf8 h3 58. gxh3 Qd5+ 0-1

[Event "Poznan op 15th"]
[Site "Poznan"]
[Date "2006.07.28"]
[Round "7"]
[White "Rzoska, Kamil"]
[Black "Krainski, Slawomir"]
[Result "1/2-1/2"]
[WhiteElo "2161"]
[BlackElo "2168"]
[PlyCount "69"]
[EventDate "2006.07.22"]
[EventType "swiss"]
[EventRounds "9"]
[EventCountry "POL"]
[SourceTitle "EXT 2008"]
[Source "ChessBase"]
[SourceDate "2007.11.25"]
[SourceVersion "1"]
[SourceVersionDate "2007.11.25"]
[SourceQuality "1"]

1. Nf3 e6 2. g3 f5 3. Bg2 Nf6 4. c4 Be7 5. b3 0-0 6. 0-0 d6 7. Bb2 Qe8 8. d3 Qh5 9. Nbd2 e5 10. e3 Qh6 11. Qe2 g5 12. Ne1 f4 13. exf4 gxf4 14. d4 Nc6 15. Bd5+ Nxd5 16. cxd5 fxg3 17. hxg3 Bg5 18. dxc6 Bxd2 19. dxe5 Bh3 20. Ng2 bxc6 21. Rad1 Ba5 22. exd6 cxd6 23. Qc4+ d5 24. Qc1 Qg6 25. Nf4 Rxf4 26. Qxf4 Rf8 27. Qh4 Bxf1 28. Rxf1 Bd8 29. Qh3 Bb6 30. Qh4 Rf5 31. Bc1 Rh5 32. Qf4 Rf5 33. Qh4 Rh5 34. Qf4 Rf5 35. Qh4 1/2-1/2

[Event "Torun-ch"]
[Site "Torun"]
[Date "2006.??.??"]
[Round "5"]
[White "Sikorski, Dariusz"]
[Black "Rzoska, Kamil"]
[Result "1/2-1/2"]
[WhiteElo "2023"]
[BlackElo "2178"]
[PlyCount "48"]
[EventDate "2006.??.??"]
[EventType "swiss"]
[EventRounds "9"]
[EventCountry "POL"]
[SourceTitle "EXT 2007"]
[Source "ChessBase"]
[SourceDate "2006.11.23"]
[SourceVersion "1"]
[SourceVersionDate "2006.11.23"]
[SourceQuality "1"]

1. e4 e6 2. d4 d5 3. Nc3 Nf6 4. e5 Nfd7 5. f4 c5 6. Nf3 a6 7. Be3 Qb6 8. a3 Qa7 9. Be2 Nc6 10. Qd2 cxd4 11. Nxd4 Bc5 12. Rd1 0-0 13. b4 Bxd4 14. Bxd4 Nxd4 15. Qxd4 f6 16. exf6 Nxf6 17. 0-0 Qxd4+ 18. Rxd4 Bd7 19. Nd1 Rac8 20. c4 dxc4 21. Bxc4 Rxc4 22. Rxc4 Bb5 23. Rc7 Bxf1 24. Kxf1 Rf7 1/2-1/2

[Event "Warsaw AIG Life rapid"]
[Site "Warsaw"]
[Date "2005.12.18"]
[Round "13"]
[White "Rzoska, Kamil"]
[Black "Jasnikowski, Zbigniew"]
[Result "1-0"]
[WhiteElo "2178"]
[BlackElo "2405"]
[PlyCount "123"]
[EventDate "2005.12.17"]
[EventType "swiss (rapid)"]
[EventRounds "13"]
[EventCountry "POL"]
[SourceTitle "CBM 110 Extra"]
[Source "ChessBase"]
[SourceDate "2006.03.10"]
[SourceVersion "2"]
[SourceVersionDate "2006.03.10"]
[SourceQuality "1"]

1. d4 Nf6 2. c4 e6 3. Nc3 d5 4. Nf3 Be7 5. g3 0-0 6. Bg2 b6 7. Qc2 Bb7 8. 0-0 dxc4 9. Rd1 a6 10. e4 Nc6 11. a3 Na5 12. Rb1 b5 13. Bg5 Nb3 14. d5 exd5 15. e5 Nd7 16. Bxe7 Qxe7 17. Nxd5 Bxd5 18. Rxd5 Ndc5 19. h4 h6 20. Re1 Rad8 21. Rxd8 Rxd8 22. Qf5 Qe6 23. Qh5 a5 24. Kh2 Kf8 25. Bh3 Qg6 26. Qxg6 fxg6 27. e6 Re8 28. Re5 c6 29. Ne1 Nd4 30. Rxc5 Ke7 31. Re5 Kd6 32. Re3 Nxe6 33. Rxe6+ Rxe6 34. Bxe6 Kxe6 35. Kg2 Kd5 36. Kf3 Kd4 37. Ke2 c3 38. Nc2+ Kc4 39. b4 axb4 40. axb4 c5 41. bxc5 Kxc5 42. Kd3 b4 43. Nd4 Kd5 44. Nb3 Ke5 45. Nc1 Kd5 46. f3 Kc5 47. Nb3+ Kd5 48. Na5 Kc5 49. Nb3+ Kb5 50. g4 Ka4 51. Kc2 Kb5 52. Kd3 Ka4 53. Nc5+ Ka3 54. Kc2 Ka2 55. f4 Ka3 56. g5 hxg5 57. hxg5 Ka2 58. Nd3 Ka3 59. Ne5 Ka2 60. Nd3 Ka3 61. Nc5 Ka2 62. Na4 1-0

[Event "KPZS-ch"]
[Site "Poland"]
[Date "2005.06.28"]
[Round "7"]
[White "Rybak, Tomasz"]
[Black "Rzoska, Kamil"]
[Result "1/2-1/2"]
[WhiteElo "2190"]
[BlackElo "2126"]
[PlyCount "54"]
[EventDate "2005.06.25"]
[EventType "swiss"]
[EventRounds "9"]
[EventCountry "POL"]
[SourceTitle "EXT 2007"]
[Source "ChessBase"]
[SourceDate "2006.11.23"]
[SourceVersion "1"]
[SourceVersionDate "2006.11.23"]
[SourceQuality "1"]

1. e4 e5 2. d4 exd4 3. Nf3 d6 4. Qxd4 Nf6 5. Nc3 Be7 6. Bg5 0-0 7. 0-0-0 Nc6 8. Qd2 Be6 9. h4 a6 10. Nd4 Nxd4 11. Qxd4 h6 12. Bf4 Ng4 13. Qd2 Bxh4 14. g3 Bf6 15. f3 Bxc3 16. bxc3 Ne5 17. Be2 Nc4 18. Bxc4 Bxc4 19. Bxh6 Qf6 20. Bf4 Qe7 21. Qh2 f6 22. Qh7+ Kf7 23. Qh5+ Kg8 24. Rd2 Qe8 25. Qh7+ Kf7 26. Rdh2 Qb5 27. Rh5 Rh8 1/2-1/2

[Event "KPZS-ch"]
[Site "Poland"]
[Date "2005.06.27"]
[Round "5"]
[White "Olszewski, Marek"]
[Black "Rzoska, Kamil"]
[Result "1-0"]
[WhiteElo "2161"]
[BlackElo "2126"]
[PlyCount "133"]
[EventDate "2005.06.25"]
[EventType "swiss"]
[EventRounds "9"]
[EventCountry "POL"]
[SourceTitle "EXT 2007"]
[Source "ChessBase"]
[SourceDate "2006.11.23"]
[SourceVersion "1"]
[SourceVersionDate "2006.11.23"]
[SourceQuality "1"]

1. e4 c5 2. Nf3 Nc6 3. Bb5 g6 4. Bxc6 dxc6 5. h3 Bg7 6. d3 e5 7. a4 h6 8. a5 Be6 9. Be3 Qd6 10. Na3 Rd8 11. Qd2 Nf6 12. b3 Nd7 13. Nc4 Qc7 14. Nb2 f5 15. Qc3 b6 16. 0-0 0-0 17. Nh2 f4 18. Bc1 b5 19. f3 Rf7 20. Nd1 Bf8 21. Qe1 Nf6 22. Rf2 c4 23. bxc4 Bc5 24. cxb5 cxb5 25. Bb2 Nh5 26. Nf1 Bxf2+ 27. Qxf2 g5 28. Qd2 Qc5+ 29. Nf2 Nf6 30. Ba3 Qc7 31. Rc1 h5 32. Bb2 Nd7 33. d4 exd4 34. Qxd4 Nf6 35. Qb4 Qc4 36. Qe1 Qc5 37. Kh1 Qe7 38. Nd3 Rc8 39. Qf2 Rff8 40. Qd4 Rfd8 41. Qe5 Rxd3 42. cxd3 Rxc1 43. Bxc1 Nd7 44. Qxb5 Qc5 45. Qxc5 Nxc5 46. d4 Nb3 47. Bb2 Nxa5 48. d5 Bd7 49. Bf6 g4 50. hxg4 hxg4 51. Nd2 Nb7 52. Be5 a5 53. Bxf4 a4 54. Nb1 gxf3 55. gxf3 Na5 56. Na3 Kf7 57. Kg2 Nb3 58. Kf2 Nd4 59. Be3 Nb5 60. Nxb5 Bxb5 61. Bc5 Bc4 62. Ke3 Kf6 63. Kd4 Be2 64. f4 Bf3 65. Ba3 Be2 66. Bb2 Bf3 67. Ke3+ 1-0

[Event "Wroclaw-ch"]
[Site "Wroclaw"]
[Date "2004.??.??"]
[Round "1"]
[White "Rzoska, Kamil"]
[Black "Zdebskaja, Natalia"]
[Result "1/2-1/2"]
[WhiteElo "2055"]
[BlackElo "2350"]
[PlyCount "45"]
[EventDate "2004.??.??"]
[EventType "swiss"]
[EventRounds "9"]
[EventCountry "POL"]
[SourceTitle "EXT 2007"]
[Source "ChessBase"]
[SourceDate "2006.11.23"]
[SourceVersion "1"]
[SourceVersionDate "2006.11.23"]
[SourceQuality "1"]

1. Nf3 Nf6 2. c4 e6 3. g3 b6 4. Bg2 Bb7 5. 0-0 Be7 6. d4 0-0 7. d5 exd5 8. Nh4 c6 9. cxd5 Nxd5 10. Nf5 Nc7 11. Nc3 d5 12. e4 Bf6 13. exd5 Nxd5 14. Ne4 Bc8 15. Qf3 Bxf5 16. Qxf5 Nd7 17. Rd1 Qe7 18. Nxf6+ N7xf6 19. Bg5 Qb4 20. Rac1 h6 21. Bxf6 Nxf6 22. Bxc6 Rad8 23. Qc2 1/2-1/2

[Event "Solec Kuj-ch Seniors"]
[Site "Solec Kuj"]
[Date "2003.??.??"]
[Round "9"]
[White "Wierzbicki, Slawomir"]
[Black "Rzoska, Kamil"]
[Result "1/2-1/2"]
[WhiteElo "1800"]
[BlackElo "2020"]
[PlyCount "114"]
[EventDate "2003.??.??"]
[EventType "swiss"]
[EventRounds "9"]
[EventCountry "POL"]
[SourceTitle "EXT 2007"]
[Source "ChessBase"]
[SourceDate "2006.11.23"]
[SourceVersion "1"]
[SourceVersionDate "2006.11.23"]
[SourceQuality "1"]

1. e4 e5 2. Bc4 Nc6 3. Nf3 Nf6 4. Ng5 d5 5. exd5 Na5 6. d3 Nxc4 7. dxc4 h6 8. Nf3 Bd6 9. Nc3 0-0 10. Be3 Re8 11. Qd2 a6 12. c5 e4 13. cxd6 exf3 14. gxf3 Qxd6 15. 0-0-0 Bf5 16. Rhg1 Bg6 17. Bf4 Qc5 18. Qd4 Qe7 19. Rde1 Qd7 20. Re5 c5 21. Qd2 Rad8 22. Rge1 Rxe5 23. Rxe5 Kh7 24. d6 Qc6 25. Re7 Qxf3 26. b3 b5 27. Be5 c4 28. bxc4 b4 29. Nd1 a5 30. d7 Qc6 31. Qd6 Qa4 32. Ne3 Ng4 33. Qd2 Nxe5 34. Rxe5 Rxd7 35. Rxa5 Rxd2 36. Rxa4 Rxf2 37. Rxb4 Rxh2 38. c5 Re2 39. Rb3 Be4 40. Rc3 f5 41. Kd1 Bf3 42. Kc1 f4 43. Nf5 Be4 44. Nd4 Re1+ 45. Kb2 Rd1 46. Nf3 Bxf3 47. Rxf3 g5 48. Rd3 Rxd3 49. cxd3 f3 50. c6 f2 51. c7 f1Q 52. c8Q Qxd3 53. Qe6 Qg6 54. Qxg6+ Kxg6 55. a4 g4 56. a5 g3 57. a6 g2 1/2-1/2